000 03447nam a22003377a 4500
001 TIC 0008
003 gtcocun
005 20250924164146.0
006 a||||gr|||| 00| 0
007 ta
008 250924b2020 gt ||||| m||| 00| 0 eng d
040 _agtcocun
_bSPA
_cgtcocun
_eRDA
041 _aSPA TIC 0008
084 _0TIC 0008
100 _aParedes Ramírez, Sthefan Hernán
_eAutor
245 _aDISEÑO Y PLANIFICACIÓN DE EDIFICIO PARA LA POLICÍA MUNICIPAL Y DE TRÁNSITO, DISEÑO Y APERTURA DE CARRETERA PANAHA-CAK ́ABAJ, SANTA CRUZ, ALTA VERAPAZ./
_cSthefan Hernán Paredes Ramírez.
_hImpreso
264 _aCobán, Alta Verapaz:
_bUniversidad de San Carlos de Guatemala, Centro Universitario del Norte, Ingeniería Civil
_c2020
300 _a241 p.:
_bIlustraciones, gráficas.
_c28 cm;
300 _cPDF
336 _2rdacontenido
_aTexto
_btxt
337 _2rdamedio
_aComputadora
_bn
338 _2rdasoporte
_aCódigo en línea
_bcr
502 _eTIC 0008
502 _aTesis de grado
_bIngeniería Civil,
_cUniversidad de San Carlos de Guatemala, Centro Universitario del Norte, Ingeniería Civil
_d2020
_oTIC 0008
520 1 4 _aA partir de las necesidades del municipio de Santa Cruz Verapaz y con base a las peticiones y exigencias de la Municipalidad de dicho municipio, específicamente de la Dirección Municipal de Planificación, se realizaron los diseños de dos proyectos los cuales se describen a continuación, edificio para la Policía Municipal y de Tránsito, el cual consiste en una edificación de 3 niveles, la cual es diseñada con el método de marcos rígidos de concreto en base a las normativas más usadas en el país AGIES y ACI. El otro proyecto consiste en el diseño y apertura de Carretera de la aldea de Panaha hacia Cak ́abaj el cual consiste en 1.6 kilómetros de longitud, un ancho de 5.50 metros, con una carpeta de balasto y carrileras de concreto ciclópeo en el caso de pendientes mayores al 18%. Para cada proyecto se realizó la debida memoria de cálculo, en donde se encuentra el diseño y los criterios tomados en base a las normativas específicas, el juego de planos de cada proyecto especificando los detalles para su construcción y ejecución en el futuro, los presupuestos generales, precios unitarios, cronogramas de ejecución y financiero las especificaciones técnicas, estudios de suelos respectivos y todos los anexos correspondientes. Por último, en el presente informe se detallan en 3 capítulos, la unidad de práctica, las actividades realizadas, análisis de resultados, además de realizar las conclusiones, recomendaciones y la debida bibliografía consultada a lo largo del informe. Se describen de manera específica cada diseño y cálculo realizado a lo largo de la etapa de ejecución del Ejercicio Profesional Supervisado. Ambos proyectos contribuyen al futuro desarrollo del municipio, facilitando las vías de comunicación y acceso con la carretera y creando infraestructura óptima para las dependencias policíacas.
650 1 4 _2LEMB
_aSanta Cruz Verapaz, Alta Verapaz.
_xIngeniería
_xPlanificación
_xDesarrollo
_xInfraestructura
_xVía de comunicación
_xCarretera
700 _aIng. Civil Marlon Alexander Moran Castro
_eAsesor
856 _uhttps://drive.google.com/file/d/1ZeKTv8xbR7Eybt6Z0irvB2Y8En7_7ga7/view
_yPDF
_zUn ejemplar en línea.
942 _2ddc
_cTES
_iTIC 0008
_kClasificación
_n0
_6TIC_0008_000000000000000
999 _c2116
_d2116